The 17 countries larger than Alaska - Statistics

General Stats
  • This quiz has been taken 50 times
  • The average score is 15 of 17
Answer Stats
Hint Answer % Correct
8,515,767 Brazil
100%
9,984,670 Canada
100%
17,098,242 Russia
100%
9,833,517 United States
100%
2,780,400 Argentina
98%
7,741,220 Australia
98%
9,596,961 China
95%
1,964,375 Mexico
95%
3,287,263 India
93%
2,724,900 Kazakhstan
93%
2,381,741 Algeria
91%
2,344,858 Democratic Republic of the Congo
91%
1,904,569 Indonesia
86%
2,149,690 Saudi Arabia
84%
1,861,484 Sudan
81%
1,759,540 Libya
77%
2,166,086 Denmark
51%
No matching quizzes found
Score Distribution
Percent of People with Each Score
Percentile by Number Answered
Your Score History
You have not taken this quiz